LDR 00938naa#a2200169#i#450# 001 RU\\bibl\121975 005 20260606212742.6 011 ## _a2658-638X 100 ## _a20260319b2026####ek#y0rusy0150####ca 102 ## _aRU 200 1# _aПРОФЕССИОНАЛЬНО-ОРИЕНТИРОВАННОЕ ОБУЧЕНИЕ РУССКОМУ ЯЗЫ-КУ ИНОСТРАННЫХ СЛУШАТЕЛЕЙ В УНИВЕРСИТЕТЕ МВД: ПРАВОВОЙ И ЛИНГВИСТИЧЕСКИЙ КОМПОНЕНТЫ _eЖурнальная статья 210 1# _aМосква _cМосковский университет МВД России имени В.Я. Кикотя _d2026 215 ## _a2 с. 608 ## _aЖурнальная статья _2local 675 ## _aНародное образование. Воспитание. Обучение. Организация досуга. 37 _z 700 #1 _aКозина _gНаталья Олеговна 856 4# _amosumvd.editorum.ru _u